00229nam a2200097Ia 4500008004100000041000800041082001300049100001800062245002700080260002400107231212s1984 xx 000 0 und d aeng a621.3841 aDeshmukh B.H. aElements Of Electrical aPunebTata Mcc1984